000 01745cam a2200433 i 4500
001 ocn779193358
003 OCoLC
005 20250228073738.0
008 120319s2012 nyu 000 1 eng
010 _a 2012010823
020 _a9780316097468
_q(hc)
020 _a0316097462
_q(hc)
020 _a9780446571807
_q(paper)
020 _a0446571806
_q(paper)
035 _a(OCoLC)779193358
_z(OCoLC)756585759
_z(OCoLC)779200766
040 _aDLC
_beng
_cDLC
_dBTCTA
_dBDX
_dBPLCP
_dYDXCP
042 _apcc
043 _an-us-ny
100 1 _aPatterson, James,
_d1947-
_eauthor.
245 1 0 _aI, Michael Bennett /
_cJames Patterson and Michael Ledwidge.
264 1 _aNew York :
_bLittle, Brown and Co. ;
_bGrand Central Publishing,
_c2012.
300 _a383, 17 pages ;
_c25 cm.
336 _atext
_btxt
_2rdacontent.
337 _aunmediated
_bn
_2rdacarrier.
338 _avolume
_bnc
_2rdacarrier.
490 1 _aMichael Bennett series ;
_vbk. 5.
500 _aPublishers, dates or pagination may vary.
520 0 _aDetective Michael Bennett takes his family to upstate New York in an effort to escape a lawless crime wave erupting in Manhattan, only to find himself immersed in another nightmare, one that endangers his relationship with his wife.
600 1 0 _aBennett, Michael
_c(Fictitious character)
_vFiction.
650 0 _aPolice
_zNew York (State)
_zNew York
_vFiction.
650 0 _aOrganized crime
_vFiction.
650 0 _aHispanic American gangs
_vFiction.
650 0 _aPolice
_xViolence against
_vFiction.
655 7 _aThrillers (Fiction)
_2lcgft.
700 1 _aLedwidge, Michael,
_eauthor.
800 1 _aPatterson, James,
_d1947-
_tDetective Michael Bennett thriller ;
_vbk. 5.
907 _a.b282725775
942 _cBK
999 _c30557
_d30555